| 000 | 00435cam a2200181ua 4500 | ||
|---|---|---|---|
| 020 | _c3.00 | ||
| 041 |
_amal _h |
||
| 082 |
_a894.81280355 _bPOT/PA |
||
| 100 | _aPottakkad, S K . | ||
| 245 |
_aPathirasuryante nattil / _cS K Pottakkad. _hTextual Documents |
||
| 250 |
_a1 / _b. |
||
| 260 |
_aThrissur : _bCurrent Books , _c1963. |
||
| 300 | _a172 ; . | ||
| 365 | _a3.00 | ||
| 504 | _a | ||
| 942 | _cBK | ||
| 999 |
_c6683 _d6683 |
||